Acta Mathematica VietNamica

שמור ב:
מידע ביבליוגרפי
פורמט: ספר
שפה:Undetermined
יצא לאור: Ha Noi VietNam Academy of Science and Technology 2018
נושאים:
תגים: הוספת תג
אין תגיות, היה/י הראשונ/ה לתייג את הרשומה!
Thư viện lưu trữ: Trung tâm Học liệu Trường Đại học Cần Thơ
LEADER 00524nam a2200169Ia 4500
001 CTU_235502
008 210402s9999 xx 000 0 und d
082 |a 510 
082 |b A188 
245 0 |a Acta Mathematica VietNamica 
245 0 |c Institute of Mathematics VietNam Academy of Science and Technology HaNoi VietNam 
260 |a Ha Noi 
260 |b VietNam Academy of Science and Technology 
260 |c 2018 
650 |a Mathematics 
904 |i Linh Cát 
980 |a Trung tâm Học liệu Trường Đại học Cần Thơ